000 00511nam a2200193 i 4500
001 101556
003 ES-MaACL
005 20250907063058.0
007 t|
008 051020s1973 sp ||||1| spa d
080 _a821.134.2-31"19"
100 1 _aMedio, Dolores,
_d1911-1996
_979767
245 1 0 _aAndrés /
_cDolores Medio.
250 _a[1ª ed.].
260 _aBarcelona :
_bPicazo,
_c1973.
300 _a252 p. ;
_c18 cm.
852 _aES-MaACL
_jC-54138
_bR.87074
999 _c101556
_d101556